Sports Quiz

Random Sports Quiz

06-07 Penn State Nittany Lions Quiz Stats

 Plays Quiz not verified by Sporcle

Support Sporcle.
Go Orange.
Score 0/15 Timer 10:00
0 Plays Today
% Correct
Jamelle Cornley
100%
Geary Claxton
50%
Maxwell Dubois
50%
David Jackson
50%
David Jackson
50%
Andrew Jones
50%
Ben Luber
50%
Danny Morrissey
50%
% Correct
Mike Walker
50%
Miles Bogetic
0%
Brandon Hassell
0%
Will Leiner
0%
Nikola Obradovic
0%
Clay Scovill
0%
Joonas Suotamo
0%

You're not logged in!

Compare scores with friends on all Sporcle quizzes.
OR
Log In

From the Vault

Animal Adjective Match

by Flick

Sporcle is really going to the animals today.

You Might Also Like...

Remove Ads.
Support Sporcle.
Get the best of Sporcle when you Go Orange. This ad-free experience offers more features, more stats, and more fun while also helping to support Sporcle. Thank you for becoming a member.

Show Comments

Extras

Created Mar 11, 2011ReportNominate
Tags:Nittany Lions, Penn State

Top Quizzes Today


Score Distribution

Your Account Isn't Verified!

In order to create a playlist on Sporcle, you need to verify the email address you used during registration. Go to your Sporcle Settings to finish the process.

Report this User

Report this user for behavior that violates our Community Guidelines.

Details: